000 00431nam a2200181Ia 4500
005 20250423101649.0
008 250422s9999 xx 000 0 und d
020 _a978- 0- 471- 74727- 7
050 _aQE 26.3 .M87/
100 _aMurck, Barbara Winifred
245 0 _aVisualizing Geology
260 _aHoboken
260 _bJohn Wiley & sons, inc.
260 _c2008
300 _a524 p
650 _aGeology
942 _cBK
999 _c36913
_d36913